Los sabuesos de Bafut / (Record no. 58611)

MARC details
000 -LEADER
campo de control de longitud fija 00714nam a2200229 i 4500
001 - NÚMERO DE CONTROL
campo de control 58611
003 - IDENTIFICADOR DE NÚMERO DE CONTROL
campo de control ES-MaACL
005 - FECHA Y HORA DE LA ÚLTIMA TRANSACCIÓN
campo de control 20230906163839.0
007 - CAMPO FIJO DE DESCRIPCIÓN FÍSICA--INFORMACIÓN GENERAL
campo de control de longitud fija t|
008 - DATOS DE LONGITUD FIJA--INFORMACIÓN GENERAL
campo de control de longitud fija 031023s1985 sp ||||1| spa d
100 1# - ENTRADA PRINCIPAL--NOMBRE DE PERSONA
Nombre de persona Durrell, Gerald (
Fechas asociadas al nombre 1925-1995)
9 (RLIN) 46320
245 14 - MENCIÓN DEL TÍTULO
Título Los sabuesos de Bafut /
Mención de responsabilidad, etc. Gerald Durrell ; ilustraciones de Ralph Thompson ; traducción de Pilar Giralt Gorina.
250 ## - MENCION DE EDICION
Mención de edición [1ª ed.].
260 ## - PUBLICACIÓN, DISTRIBUCIÓN, ETC.
Lugar de publicación, distribución, etc. Barcelona :
Nombre del editor, distribuidor, etc. Planeta,
Fecha de publicación, distribución, etc. 1985.
300 ## - DESCRIPCIÓN FÍSICA
Extensión 181 p. :
Otras características físicas il. ;
Dimensiones 21 cm.
490 1# - MENCIÓN DE SERIE
Mención de serie Documento ;
Designación de volumen o secuencia 165
700 1# - ENTRADA AGREGADA--NOMBRE PERSONAL
Nombre de persona Thompson, Ralph.
9 (RLIN) 110099
700 1# - ENTRADA AGREGADA--NOMBRE PERSONAL
Nombre de persona Giralt, Pilar.
9 (RLIN) 57201
830 0# - PUNTO DE ACCESO ADICIONAL DE SERIE-TÍTULO UNIFORME
Título uniforme Documento ;
Designación de volumen o secuencia 165
9 (RLIN) 177347
852 ## - LOCALIZACIÓN
Ubicación ES-MaACL
Número de control de estantería L-7800
Sublocalización o colección R.108339
Holdings
Estatus retirado Estado de pérdida Estado de daño No para préstamo Biblioteca de origen Biblioteca actual Ubicación en estantería Fecha de adquisición Fuente de adquisición Total de préstamos Signatura topográfica completa Código de barras Visto por última vez Precio de reemplazo Tipo de ítem Koha
        Biblioteca del Ateneo de Madrid Biblioteca del Ateneo de Madrid Depósito 2 17/01/2008     L-7800 1061492 23/02/2023 23/02/2023 Libro impreso